• 首页
  • 本馆介绍
  • 公告通知
  • 最新文献
  • 馆藏检索
  • 电子资源
  • 读者导购
  • 参考咨询
  • 我的图书馆
  • 登录
  • 详细信息显示
  • 放入我的书架
  • 预约/预借图书
  • 作者相关作品
  • 分类相关作品
  • 丛书相关作品
  • 出版社相关作品

书目信息

  • 表格格式
  • 工作单格式
  • 卡片格式
题名:
设施蔬菜高效栽培与安全施肥
    
 
作者: 张洪昌 , 段继贤 , 李星林 主编
分册:  
出版信息: 北京   中国科学技术出版社  2017
页数: 332页
开本: 21cm
丛书名:
单 册:
中图分类: S626 , S630.6
科图分类:
主题词: 蔬菜园艺--Shu Cai Yuan Yi--设施农业--施肥
电子资源:
ISBN: 978-7-5046-7387-9
000 00981nam0 2200289 450
001 012001002337
005 20131110152815.0
010    @a978-7-5046-7387-9@dCNY32.00
099    @aCAL 012017074660
100    @a20170210d2017 em y0chiy50 ea
101 0  @achi
102    @aCN@b110000
105    @ak a 000yy
106    @ar
200 1  @a设施蔬菜高效栽培与安全施肥@AShe Shi Shu Cai Gao Xiao Zai Pei Yu An Quan Shi Fei@f张洪昌, 段继贤, 李星林主编
210    @a北京@c中国科学技术出版社@d2017
215    @a332页@d21cm
320    @a有书目
330    @a本书在阐述设施蔬菜高效栽培与安全施肥技术要点的基础上, 着重介绍了主要蔬菜的设施栽培、安全施肥及主要病虫害防治等配套技术。
606 0  @a蔬菜园艺@AShu Cai Yuan Yi@x设施农业@x施肥
690    @aS626@v5
690    @aS630.6@v5
701  0 @a张洪昌@AZhang HongChang@4主编
701  0 @a段继贤@ADuan Jixian@4主编
701  0 @a李星林@ALi Xinglin@4主编
801  0 @aCN@b北京卓展@c20191020
905    @b1205318-21@dS626@e543@f4
    
    设施蔬菜高效栽培与安全施肥/张洪昌, 段继贤, 李星林主编.-北京:中国科学技术出版社,2017
    332页;21cm
    
    
    ISBN 978-7-5046-7387-9:CNY32.00
    本书在阐述设施蔬菜高效栽培与安全施肥技术要点的基础上, 着重介绍了主要蔬菜的设施栽培、安全施肥及主要病虫害防治等配套技术。
●
相关链接 在E读中查询图书 在五车中查询图书 在当当中查询图书 在豆瓣中查询图书


正题名:设施蔬菜高效栽培与安全施肥     索取号:S626/543         预约/预借

序号 登录号 条形码 馆藏地/架位号 状态 备注
1 1205318   212053187   第二样本阅览室/ [索取号:S626/543] 在馆    
2 1205319   212053196   第三借阅区/ [索取号:S626/543] 在馆    
3 1205320   212053203   第三借阅区/ [索取号:S626/543] 在馆    
4 1205321   212053212   第三借阅区/ [索取号:S626/543] 在馆    
唐山师范学院图书馆 欢迎您!
大连网信软件有限公司© 版权所有